Pre-historic background of Indian culture (Record no. 367173)

000 -LEADER
fixed length control field 00401cam a22001457a 4500
008 - FIXED-LENGTH DATA ELEMENTS--GENERAL INFORMATION
fixed length control field 180718b1958 xxu||||| |||| 00| 0 eng d
082 ## - DEWEY DECIMAL CLASSIFICATION NUMBER
Classification number B11x54 G654
100 ## - MAIN ENTRY--PERSONAL NAME
Personal name Gordon, D.H.
245 ## - TITLE STATEMENT
Title Pre-historic background of Indian culture
Statement of responsibility, etc. by D.H. Gordon
260 ## - PUBLICATION, DISTRIBUTION, ETC.
Place of publication, distribution, etc. Bombay
Name of publisher, distributor, etc. Bhulebhal Memorial Inst.
Date of publication, distribution, etc. 1958
300 ## - PHYSICAL DESCRIPTION
Extent 199p.
440 ## - SERIES STATEMENT/ADDED ENTRY--TITLE
Title bibl.
500 ## - GENERAL NOTE
General note Rs.20.00
650 ## - SUBJECT ADDED ENTRY--TOPICAL TERM
Topical term or geographic name entry element Civilization - India
Holdings
Withdrawn status Lost status Damaged status Not for loan Permanent Location Current Location Date acquired Full call number Barcode Date last seen Price effective from Koha item type
        Indian Institute of Public Administration Indian Institute of Public Administration 1994-05-10 B11x54 G654 16746 2018-07-21 2018-07-21 Book

Powered by Koha